000 00231nam a22000857a 4500
008 170617b xxu||||| |||| 00| 0 eng d
100 _93494
_aPasricha. J. S
245 _aSkin and Hair Health & Disease
260 _aNew Delhi
_bN. B. T
_c2003
999 _c6877
_d6877